| 000 | 00673nam a22002057a 4500 | ||
|---|---|---|---|
| 005 | 20260319154913.0 | ||
| 010 | _aENG-147955 | ||
| 020 |
_a9788193136225 _c1500.00 |
||
| 035 | _aEN-131487 | ||
| 037 | _bDBAD | ||
| 082 | _a615 | ||
| 100 |
_aHaval, Smruti _988662 |
||
| 245 |
_aIntegrated Handbook Of Family medicine/ _cSmruti Hayal _hEnglish |
||
| 260 |
_bSukarmayogi Publishers _c2016 _aKarnataka |
||
| 270 |
_aSukarmayogi Publishers, Rukmini Hoapital,Maddi Gali, Sankeshwar, Belgaum, Karnataka, India-591313 _bKaranataka _e591313 |
||
| 300 |
_a208pbk. _c28cm |
||
| 490 | _aVol 3 | ||
| 600 |
_dHaval, Smruti _988663 |
||
| 942 |
_2ddc _cEN _h615 _mHAV _e1 |
||
| 999 |
_c215675 _d215675 |
||